| 000 | 01092 a2200217 4500 | ||
|---|---|---|---|
| 005 | 20080915144559.0 | ||
| 008 | 080915t xxu||||| |||| 00| 0 hin d | ||
| 010 | _aHIN-80806 | ||
| 020 |
_a8190292463 _c175.00 |
||
| 035 | _aHN-53152 | ||
| 037 | _bD.B.Act / pub | ||
| 082 | _a820.8 | ||
| 100 | _aशील, ईश्वरदत्त | ||
| 245 |
_aहिंदी साहित्य का आदिकाल _cईश्वरदत्त शील |
||
| 246 |
_aHindi Sahitya ka Adikal _bby Ishwer Datt Sheel |
||
| 260 |
_aकानपुर _bगरिमा प्रकाशन _c2007 |
||
| 300 |
_a108पृ _c22 सेमी (सजिल्द) |
||
| 270 |
_a132 शिवराम कृपा,मयूर पार्क, बसन्त विहार _bकानपुर _e208021 _k0512 2534444, 2071058 |
||
| 942 |
_adpl _cHN _k820.8 / शीलई _2ddc _h820.8 _mशीलई |
||
| 999 |
_c7098 _d7098 |
||